[Event "SRB-ch U18 Girls"]
[Site "Subotica"]
[Date "2021.05.07"]
[Round "7"]
[White "Sakotic, Ana"]
[Black "Horvat, Evelin"]
[Result "1-0"]
[WhiteElo "1690"]
[BlackElo "1161"]
[PlyCount "77"]
[EventDate "2021.05.03"]
[EventType "swiss"]
[EventRounds "9"]
[EventCountry "SRB"]
[SourceTitle "EXT 2022"]
[Source "ChessBase"]
[SourceDate "2021.10.06"]
[SourceVersion "1"]
[SourceVersionDate "2021.10.06"]
[SourceQuality "1"]

1. e4 c6 2. d4 d5 3. Nc3 dxe4 4. Nxe4 Bf5 5. Ng3 Bg6 6. Nf3 c5 7. Bb5+ Nc6 8. 0-0 a6 9. Bxc6+ bxc6 10. c3 e6 11. Be3 Rb8 12. b3 Qb6 13. Ne5 Ne7 14. dxc5 Qc7 15. Bf4 Rd8 16. Qf3 Qc8 17. Nc4 Nd5 18. Bd6 Be7 19. Bxe7 Nxe7 20. Nd6+ Rxd6 21. cxd6 Nf5 22. Nxf5 Bxf5 23. Rad1 0-0 24. Rd2 e5 25. Qe3 f6 26. Rfd1 Rf7 27. Qb6 Bd7 28. Qc7 Qe8 29. Qb6 Qc8 30. b4 h6 31. a4 f5 32. c4 e4 33. b5 axb5 34. axb5 c5 35. Qc7 Qa8 36. b6 Qc6 37. Qxc6 Bxc6 38. d7 Bxd7 39. b7 1-0